1579 1681 1048 1247 1485 1119 1222 1691 1971 1589 1694 1152 1207 1014 1266 1846 1692 1616 1846 1148 1813 1730 1019 1816 1129 1919 1830 1585 1433 1174 1918 1544 1546 1350 1022 1722 1767 1871 1873 1776 1091 1824 1766 1957 1008 1898 1150 1536 1601 1087 1386 1458 1261 1939 1015 1134 1409 1026 1367 1374 1114 1301 1713 1961 1725 1936 1857 1263 1723 1251 1918 1845 1344 1502 1855 1086 1148 1233 1226 1174 1240 1060 1504 1216 1527 1966 1854 1772 1681 1910 1149 1504 1385 1158 1930 1561 1444 1268 1947 BCNSPRNW ULIB Ver.6.0+V

เปลี่ยนเป็นภาษาไทย

Change to English
 แสดงรายละเอียดบรรณานุกรม
  กลับหน้าหลัก

Brief Record : Get Marc (ISO 2709) : E-mail record : QR code < ปิดหน้าต่าง
LEADER : 00000nam 2200000uu 4500
001    13399109417
003     ULIB
008    110401s2545||||th 000 0 tha d
020    9746442481
060 04 WB105^bต641ต 2545
245 00 ตำราเวชศาสตร์ฉุกเฉิน /^cบรรณาธิการ, นครชัย เผื่อนปฐม,เมธินี ไหมแพง, ก่อพงศ์ รุกขพันธ์
260    สงขลา :^bคณะแพทยศาสตร์ มหาวิทยาลัยสงขลานครินทร,^c2545
300    [16], 576 หน้า :^bภาพประกอบ ;^c21 ซม.
650  7 เวชศาสตร์ฉุกเฉิน
700 0  นครชัย เผื่อนปฐม,^eบรรณาธิการ
700 0  เมธินี ไหมแพง,^eบรรณาธิการ
700 0  ก่อพงศ์ รุกขพันธ์,^eบรรณาธิการ
710 2  มหาวิทยาลัยสงขลานครินทร์. ^bคณะแพทยศาสตร์
945    ^p290^l0^i015159
945    ^p290^l0^i015047
945    ^p290^l0^i015045
945    ^p290^l0^i015044
945    ^p290^l0^i015046
995    ทศพร
999 ^a ใช้งานได้ทุกระบบ
รายการนี้ยังไม่มีแท็ก
คุณยังไม่ได้ล็อกอิน คุณสามารถมีกิจกรรมร่วมกับเว็บไซต์ได้ แต่ต้องล็อกอินก่อน ::
  ล็อกอิน

รายการสื่อสารสนเทศ

ลำดับที่ ประเภท เลขเรียก/บาร์โค้ด สถานที่ สถานะ
- ไม่พบข้อมูล -

รายการใกล้เคียง
    หัวเรื่อง [เวชศาสตร์ฉุกเฉิน]

BibComment


ยังไม่เคยถูกคอมเมนท์

คอมเมนท์ทรัพยากรรายการนี้
  คอมเมนท์: ตำราเวชศาสตร์ฉุกเ..


 Copyright 2026. Bcnsprnw @Library